000 00874cam a22002414a 4500
001 14290607
005 20260318191702.0
008 060307s2006 enka b 001 0 eng
020 _a0566086840
_qalk. paper
020 _a9780566086847
_q(alk. paper)
050 0 0 _aHD38.5
_b.E475 2006
082 0 0 _a658.7
_222
100 1 _aEmmett, Stuart.
245 1 4 _aThe relationship-driven supply chain :
_bcreating a culture of collaboration throughout the chain /
_cStuart Emmett and Barry Crocker.
260 _aAldershot, Hampshire, England ;
_aBurlington, VT :
_bGower,
_cc2011.
300 _axvi, 187 p. :
_bill. ;
_c25 cm.
650 0 _aBusiness logistics.
650 0 _aCorporate culture.
650 0 _aInterpersonal relations.
700 1 _aCrocker, Barry.
856 4 1 _3Table of contents only
_uhttp://www.loc.gov/catdir/toc/fy0701/2006923521.html
942 _2lcc
_cBK
_n0
999 _c9120
_d9120